00983nam a22001697a 4500003000900000005001700009008004100026040001300067245003700080250001100117260003300128300001800161520050500179942001200684999001700696952010000713IT-RoPau20220918175943.0130307b xxu||||| |||| 00| 0 eng d cIT-RoPau aManual de la Autoridad en la SSP a1° ed aRomabCasa General SSPc1996 a238 ppc21 cm aSumario Presentación del Superior General Sumario Siglas y abreviaturas Orgnigrama global de la Congregación Nota técnica Introducción: Premisas sobre la autoridad [nn. 000-037] Capítulo I: El Gobierno General [nn. 100-172] Capítulo II: El Gobierno del circunscripcional Provincia, Región (Delegación) [nn. 200-267] Capítulo III: El Gobierno Local [300-329] Capítulo IV: La autoridad delegada [400-438] Apéndice 1 Apéndice 2 Apéndice 3 Apéndice 4 ĺndice analítico 2ddccBK c38190d38190 00102ddc406P_C371aPAULUSbPAULUSd2013-03-07l0oP C3r2013-03-07 00:00:00w2013-03-07yBK